00597 2200217 4500001002100000005001700021008004100038035002400079040001200103082001700115084002300132090002700155100002200182245004600204250001100250260005200261300002300313650001300336850001200349990001800361INLIS00000000002223520160902131204.0  0010-091600000000007 aYOPDYOG a959.80959843 a959.80959843 Hjf K aBTR 959.80959843 Hjf K aHj. Farha Daulima aKancing Ti Laga Lagac/ Hj. Farha Daulima aCet. 1 aGorontalobGaleri Budaya LSM Mbui Bungalec2006 a122 hlm.c; 20 cm. aFolklore aYOPDYOG a52830-PD/A.16